[Event "Chigorin Memorial-B 10th"]
[Site "St Petersburg"]
[Date "2002.10.25"]
[Round "1"]
[White "Franchini, Gabriele"]
[Black "Zemtsov, Igor"]
[Result "1/2-1/2"]
[WhiteElo "2145"]
[BlackElo "2321"]
[PlyCount "53"]
[EventDate "2002.10.25"]
[EventType "swiss"]
[EventRounds "9"]
[EventCountry "RUS"]
[SourceTitle "EXT 2003"]
[Source "ChessBase"]
[SourceDate "2002.11.25"]
[SourceVersion "1"]
[SourceVersionDate "2002.11.25"]
[SourceQuality "1"]

1. d4 Nf6 2. Bg5 g6 3. Bxf6 exf6 4. e3 Bg7 5. h4 h5 6. Bd3 d5 7. c3 Nd7 8. Ne2 f5 9. Nf4 Nf6 10. Qb3 c6 11. c4 Bh6 12. g3 Bxf4 13. gxf4 dxc4 14. Bxc4 0-0 15. Nd2 b5 16. Be2 Be6 17. Qc2 Bd5 18. Bf3 Re8 19. Bxd5 Qxd5 20. 0-0 Ng4 21. Qc5 Qd7 22. Rac1 Re6 23. Nf3 Rae8 24. Rfd1 Rd6 25. Rd2 Rd8 26. Rdc2 Qb7 27. Ra1 1/2-1/2